000 00321nam a2200109Ia 4500
008 200302s9999 xx 000 0 und d
100 _aHerausgeber
245 _aResource Architecture Main Congress Report and Outlook UIA Berlin 2002
260 _bBirkhauser-Publishers for Architecture
260 _c2002
300 _a288 P.,
999 _c2083
_d2083